| 000 | 00711nam a2200253Ia 4500 | ||
|---|---|---|---|
| 008 | 171025s9999 xx 000 0 und d | ||
| 020 | _a871201542 | ||
| 050 | _a371.1 | ||
| 050 | _bC982 1988 | ||
| 100 | _aCurwin, Richard L. | ||
| 245 | _aDiscipline with dignity / | ||
| 245 | _cby Richard L. Curwin and Allen N. Mendler. | ||
| 260 | _aUSA : | ||
| 260 | _bASCD, | ||
| 260 | _c1988 | ||
| 300 | _aix, 267 pages : | ||
| 300 | _billustrations ; | ||
| 300 | _c23cm. | ||
| 500 | _aIncludes appendix and bibliographic reference. | ||
| 650 | _aClassroom management. | ||
| 650 | _aSchool discipline. | ||
| 700 | _aMendler, Richard N. | ||
| 700 | _aMendler, Richard N. Taking charge in the classroom. | ||
| 999 |
_c344572 _d344572 |
||